000 00814nam a22002177a 4500
003 UA-OsUOA
001 109008
007 ta
008 20141125b un ||||| |||| 00| 0 ukr d
100 _aВахрушева О.
090 _a82
_bВ22
942 _cSA
040 _aUA-OsUOA
_bukr
_cUA-OsUOA
_dUA-OsUOA
245 _aОльга Кобилянська. Соціально-психологічна повість "Земля". Глибоке психологічне трактування в ній проблем людини і землі, злочину і кари. Українська література, 10 клас
300 _aС.56-59
955 _a0
041 _aukr
080 _a82
773 0 _w109005
650 7 _a82 Література. Літературознавство
_2UDC
999 _c395110
_d395110